[Event "Arctic Cup U16"]
[Site "Salekhard"]
[Date "2003.10.10"]
[Round "8"]
[White "Barbitskij, Aleksey"]
[Black "Potapov, Pavel"]
[Result "1/2-1/2"]
[WhiteElo "2276"]
[BlackElo "2267"]
[PlyCount "94"]
[EventDate "2003.10.05"]
[EventType "team-tourn"]
[EventRounds "9"]
[EventCountry "RUS"]
[SourceTitle "CBM 096 Extra"]
[Source "ChessBase"]
[SourceDate "2003.10.22"]
[SourceVersion "2"]
[SourceVersionDate "2003.10.20"]
[SourceQuality "1"]

1. e4 c5 2. Nf3 Nc6 3. d4 cxd4 4. Nxd4 e5 5. Nb5 d6 6. c4 Be7 7. N1c3 a6 8. Na3 Be6 9. Be2 Rc8 10. 0-0 Nf6 11. Bg5 0-0 12. Qd2 Nd4 13. Be3 Nxe2+ 14. Qxe2 Ng4 15. Rfd1 f5 16. exf5 Bxf5 17. Nd5 Nxe3 18. Nxe7+ Qxe7 19. Qxe3 Rf6 20. Rac1 Bd7 21. Nb1 Bc6 22. Nc3 Qf7 23. Nd5 Bxd5 24. cxd5 Rxc1 25. Qxc1 Rxf2 26. Qc8+ Qf8 27. Qxb7 e4 28. Qb6 Rxg2+ 29. Kxg2 Qf3+ 30. Kg1 Qxd1+ 31. Kf2 Qxd5 32. Qxa6 Qd4+ 33. Kf1 Qd1+ 34. Kf2 Qd2+ 35. Kf1 Qf4+ 36. Ke1 h6 37. Qc4+ Kh7 38. a4 Qe5 39. Qb5 d5 40. a5 Qd4 41. a6 e3 42. Qe2 Qh4+ 43. Kd1 Qe4 44. Qc2 e2+ 45. Qxe2 Qb1+ 46. Kd2 Qxb2+ 47. Ke1 Qa1+ 1/2-1/2

[Event "St Petersburg op"]
[Site "St Petersburg"]
[Date "2002.??.??"]
[Round "6"]
[White "Znamensky, Vladimir"]
[Black "Barbitskij, Aleksey"]
[Result "1/2-1/2"]
[WhiteElo "2294"]
[BlackElo "2230"]
[PlyCount "79"]
[EventDate "2002.??.??"]
[EventType "swiss"]
[EventRounds "9"]
[EventCountry "RUS"]
[SourceTitle "EXT 2006"]
[Source "ChessBase"]
[SourceDate "2005.11.24"]
[SourceVersion "1"]
[SourceVersionDate "2005.11.24"]
[SourceQuality "1"]

1. d4 Nf6 2. Nf3 e6 3. c3 d5 4. Bg5 Be7 5. Nbd2 0-0 6. e3 b6 7. Ne5 Nfd7 8. Bxe7 Qxe7 9. Ndf3 Nxe5 10. Nxe5 Nd7 11. Nf3 c6 12. Be2 e5 13. Nxe5 Nxe5 14. dxe5 Qxe5 15. 0-0 Bf5 16. Qd4 Qe6 17. Bf3 Rad8 18. Rfd1 Be4 19. Bxe4 Qxe4 20. Qxe4 dxe4 21. Rd4 Rxd4 22. cxd4 Rd8 23. g4 Rd6 24. Rc1 Kf8 25. h3 Ke7 26. Kg2 Kd7 27. Kg3 h6 28. Rc3 a5 29. h4 Rf6 30. a3 Rg6 31. Kh3 Rf6 32. Rc2 Kd6 33. b4 axb4 34. axb4 Rf3+ 35. Kg2 f5 36. gxf5 Rxf5 37. Kg3 g6 38. Ra2 Kd5 39. Rc2 Kd6 40. Ra2 1/2-1/2

[Event "RUS-ch U16"]
[Site "Cherepovets"]
[Date "2001.??.??"]
[Round "?"]
[White "Barbitskij, Aleksey"]
[Black "Njubin, Viktor"]
[Result "1-0"]
[WhiteElo "2252"]
[BlackElo "2146"]
[PlyCount "53"]
[EventDate "2001.??.??"]
[EventType "swiss"]
[EventRounds "10"]
[EventCountry "RUS"]
[SourceTitle "EXT 2002"]
[Source "ChessBase"]
[SourceDate "2001.11.25"]
[SourceVersion "1"]
[SourceVersionDate "2001.11.25"]
[SourceQuality "1"]

1. e4 e6 2. d4 d5 3. Nd2 Nf6 4. e5 Nfd7 5. Bd3 c5 6. c3 Nc6 7. Ne2 cxd4 8. cxd4 Qb6 9. Nf3 f6 10. exf6 Nxf6 11. 0-0 Bd6 12. Nc3 0-0 13. Bg5 Bd7 14. Rc1 Rae8 15. a3 Kh8 16. Na4 Qa5 17. Nc5 Bc8 18. Qc2 Ng4 19. h3 Rxf3 20. Nb3 Bh2+ 21. Kh1 Nxf2+ 22. Rxf2 Rxf2 23. Qxf2 Qc7 24. Qh4 g6 25. Bxg6 Bg3 26. Qh6 Rg8 27. Bf6+ 1-0

[Event "RUS-ch U16"]
[Site "Cherepovets"]
[Date "2001.??.??"]
[Round "?"]
[White "Kurnosov, Igor"]
[Black "Barbitskij, Aleksey"]
[Result "1-0"]
[WhiteElo "2375"]
[BlackElo "2252"]
[PlyCount "118"]
[EventDate "2001.??.??"]
[EventType "swiss"]
[EventRounds "10"]
[EventCountry "RUS"]
[SourceTitle "EXT 2002"]
[Source "ChessBase"]
[SourceDate "2001.11.25"]
[SourceVersion "1"]
[SourceVersionDate "2001.11.25"]
[SourceQuality "1"]

1. e4 e5 2. Nf3 Nc6 3. Bc4 Bc5 4. 0-0 Nf6 5. d3 d6 6. c3 a6 7. Nbd2 0-0 8. Bb3 Ba7 9. Nc4 Ne7 10. Nh4 b5 11. Ne3 d5 12. exd5 Nfxd5 13. Nxd5 Nxd5 14. Nf3 Qd6 15. Re1 Bg4 16. h3 Bxf3 17. Qxf3 Rad8 18. a4 b4 19. Bg5 f6 20. Bd2 Kh8 21. Rad1 a5 22. Bxd5 Qxd5 23. Qxd5 Rxd5 24. cxb4 Rxd3 25. Bc3 Rxd1 26. Rxd1 axb4 27. Bxb4 Rb8 28. Bc3 Bd4 29. Bxd4 Rd8 30. Rc1 exd4 31. Rxc7 d3 32. Rc1 Rb8 33. Rd1 Rxb2 34. Rxd3 Kg8 35. Ra3 Rb1+ 36. Kh2 Rb6 37. a5 Ra6 38. Kg3 Kf7 39. Kf4 Ke6 40. h4 g6 41. Ke4 Kd6 42. Kd4 Kc6 43. Kc4 h6 44. Ra2 Kc7 45. Kb5 Re6 46. a6 Kb8 47. a7+ Ka8 48. Kc5 Re4 49. g3 g5 50. hxg5 hxg5 51. Ra6 f5 52. Rf6 f4 53. gxf4 gxf4 54. Rf7 Re2 55. f3 Re3 56. Rxf4 Kxa7 57. Kc6 Rc3+ 58. Kd7 Rd3+ 59. Ke7 Kb7 1-0

[Event "Chigorin Memorial 08th"]
[Site "St Petersburg"]
[Date "2000.11.10"]
[Round "9"]
[White "Barbitskij, Aleksey"]
[Black "Suprun, Alexandr"]
[Result "1/2-1/2"]
[WhiteElo "2244"]
[BlackElo "2082"]
[PlyCount "32"]
[EventDate "2000.10.31"]
[EventType "swiss"]
[EventRounds "9"]
[EventCountry "RUS"]
[SourceTitle "EXT 2001"]
[Source "ChessBase"]
[SourceDate "2000.11.22"]
[SourceVersion "1"]
[SourceVersionDate "2000.11.22"]
[SourceQuality "1"]

1. e4 c5 2. Nf3 Nc6 3. d4 cxd4 4. Nxd4 g6 5. c4 Bg7 6. Be3 Nf6 7. Nc3 Ng4 8. Qxg4 Nxd4 9. Qd1 Ne6 10. Be2 Qa5 11. Qd2 Nc5 12. f3 Nb3 13. axb3 Qxa1+ 14. Bd1 0-0 15. 0-0 Qa5 16. Qd3 d6 1/2-1/2

[Event "Chigorin Memorial 08th"]
[Site "St Petersburg"]
[Date "2000.11.09"]
[Round "8"]
[White "Korbut, Ekaterina"]
[Black "Barbitskij, Aleksey"]
[Result "1-0"]
[WhiteElo "2336"]
[BlackElo "2244"]
[PlyCount "155"]
[EventDate "2000.10.31"]
[EventType "swiss"]
[EventRounds "9"]
[EventCountry "RUS"]
[SourceTitle "EXT 2001"]
[Source "ChessBase"]
[SourceDate "2000.11.22"]
[SourceVersion "1"]
[SourceVersionDate "2000.11.22"]
[SourceQuality "1"]

1. e4 e5 2. Nf3 Nc6 3. Bb5 a6 4. Ba4 Nf6 5. d3 d6 6. c3 g6 7. Nbd2 Bg7 8. Nf1 0-0 9. Bg5 b5 10. Bb3 Na5 11. Bc2 d5 12. exd5 Qxd5 13. Ne3 Qd6 14. b4 Nc6 15. 0-0 Ne7 16. Nd2 Qc6 17. Ne4 Ned5 18. Nxd5 Nxd5 19. Bb3 Bb7 20. Qd2 Kh8 21. f3 f6 22. Bh4 Rad8 23. a4 Bc8 24. axb5 axb5 25. Nc5 Bf5 26. Ra6 Nb6 27. Qe2 Ra8 28. Rfa1 Rxa6 29. Rxa6 Ra8 30. Qa2 Rd8 31. Bf2 Bf8 32. d4 Qe8 33. d5 Bg7 34. Nb7 Rb8 35. Ra7 Nc8 36. Ra8 Nd6 37. Rxb8 Qxb8 38. Nxd6 cxd6 39. Qa6 h5 40. Bb6 Bh6 41. c4 bxc4 42. Bxc4 Bd2 43. b5 Qc8 44. Qxc8+ Bxc8 45. Bf2 Kg7 46. b6 Bb7 47. Bb5 Bxd5 48. Ba6 e4 49. fxe4 Bxe4 50. b7 Bxb7 51. Bxb7 f5 52. Bd4+ Kf7 53. Bd5+ Ke7 54. Kf2 Bf4 55. g3 Be5 56. Be3 Kf6 57. h4 Bb2 58. Bf4 Bd4+ 59. Ke2 Bc5 60. Kd3 Ba3 61. Kc4 Bc5 62. Kb5 Ba3 63. Kc6 Bb4 64. Kd7 Ba3 65. Ke8 Kg7 66. Ke7 Bb4 67. Bg5 Bc3 68. Kxd6 Bb2 69. Ke6 Kh7 70. Bf4 Bc3 71. Bc4 Bg7 72. Be5 Bh6 73. Kf7 Be3 74. Bd3 Bd2 75. Bg7 Bc1 76. g4 Bh6 77. Bxh6 Kxh6 78. g5+ 1-0

[Event "Chigorin Memorial 08th"]
[Site "St Petersburg"]
[Date "2000.11.04"]
[Round "4"]
[White "Firman, Nazar"]
[Black "Barbitskij, Aleksey"]
[Result "1-0"]
[WhiteElo "2361"]
[BlackElo "2244"]
[PlyCount "131"]
[EventDate "2000.10.31"]
[EventType "swiss"]
[EventRounds "9"]
[EventCountry "RUS"]
[SourceTitle "EXT 2001"]
[Source "ChessBase"]
[SourceDate "2000.11.22"]
[SourceVersion "1"]
[SourceVersionDate "2000.11.22"]
[SourceQuality "1"]

1. e4 e5 2. Nf3 Nc6 3. Bb5 a6 4. Ba4 Nf6 5. 0-0 Be7 6. Re1 b5 7. Bb3 d6 8. c3 0-0 9. h3 Na5 10. Bc2 c5 11. d4 Nd7 12. dxe5 dxe5 13. Nbd2 Qc7 14. Nf1 Nb6 15. b3 Be6 16. Ng3 Nc6 17. Be3 Nd7 18. Nf5 Bxf5 19. exf5 Nb6 20. f6 Bxf6 21. Bxc5 Rfd8 22. Qc1 Nd7 23. Be3 Ne7 24. Be4 Rac8 25. Qa3 a5 26. Bg5 Ng6 27. Bxf6 Nxf6 28. Bxg6 hxg6 29. Nxe5 Qxc3 30. Rac1 Qd2 31. Nf3 Rxc1 32. Rxc1 Qf4 33. Re1 a4 34. Qc5 axb3 35. axb3 b4 36. Qb6 Rb8 37. Qa5 Rc8 38. Rd1 Rc1 39. Qd8+ Kh7 40. g3 Rxd1+ 41. Qxd1 Qf5 42. Kg2 Nd5 43. Qd4 f6 44. Qh4+ Kg8 45. Qc4 Kh7 46. Qd4 Qe6 47. Qc4 Qf5 48. Ne1 Qe5 49. Nd3 Qd6 50. h4 f5 51. Qd4 Qc6 52. Kh2 Qb5 53. Ne5 Nf6 54. Kg2 Qe2 55. Nf3 Ne4 56. Qb6 Qb2 57. Qe3 Qa2 58. Nd4 Qa8 59. Qf3 Qd5 60. Ne2 Qd1 61. h5 Qe1 62. hxg6+ Kxg6 63. g4 Nd6 64. Qd3 Ne4 65. gxf5+ Kxf5 66. Qd5+ 1-0

[Event "EU-ch U14"]
[Site "Chalkidiki"]
[Date "2000.10.05"]
[Round "4"]
[White "Deva, Chetan"]
[Black "Barbitskij, Aleksey"]
[Result "1/2-1/2"]
[WhiteElo "2114"]
[BlackElo "2244"]
[PlyCount "43"]
[EventDate "2000.10.02"]
[EventType "swiss"]
[EventRounds "9"]
[EventCountry "GRE"]
[SourceTitle "CBM 078 Extra"]
[Source "ChessBase"]
[SourceDate "2000.11.10"]
[SourceVersion "1"]
[SourceVersionDate "2000.11.10"]
[SourceQuality "1"]

1. e4 e5 2. Nf3 Nc6 3. Bb5 a6 4. Ba4 Nf6 5. 0-0 Be7 6. Re1 b5 7. Bb3 d6 8. h3 Na5 9. c3 Nxb3 10. axb3 Bb7 11. d3 c5 12. Nbd2 0-0 13. Nf1 Re8 14. Ne3 Bf8 15. c4 g6 16. Ng4 Nh5 17. Nh6+ Kg7 18. g3 Qd7 19. h4 Kh8 20. Nh2 Bxh6 21. Bxh6 Qh3 22. Re3 1/2-1/2

[Event "Petrov Memorial op"]
[Site "St Petersburg"]
[Date "2000.02.13"]
[Round "6"]
[White "Tolstikh, Nikolay"]
[Black "Barbitskij, Aleksey"]
[Result "1/2-1/2"]
[WhiteElo "2419"]
[BlackElo "2284"]
[PlyCount "75"]
[EventDate "2000.02.05"]
[EventType "swiss"]
[EventRounds "9"]
[EventCountry "RUS"]
[SourceTitle "CBM 076"]
[Source "ChessBase"]
[SourceDate "2000.05.31"]
[SourceVersion "1"]
[SourceVersionDate "2000.05.31"]
[SourceQuality "1"]

1. Nf3 d5 2. d4 Nf6 3. c4 e6 4. Nc3 Nbd7 5. Bf4 Bb4 6. cxd5 exd5 7. Rc1 c5 8. a3 Bxc3+ 9. Rxc3 Ne4 10. Rc2 c4 11. Nd2 Nxd2 12. Rxd2 0-0 13. g3 Nf6 14. Bg5 h6 15. Bxf6 Qxf6 16. Bg2 Rd8 17. 0-0 Bf5 18. Re1 Rac8 19. e4 dxe4 20. Bxe4 Bxe4 21. Rxe4 c3 22. bxc3 Rxc3 23. Rd3 Qc6 24. Rxc3 Qxc3 25. a4 Qc4 26. h4 b5 27. axb5 Qxb5 28. Qe1 a5 29. Re5 Rd5 30. Re8+ Kh7 31. Qe4+ g6 32. Qe7 Rf5 33. Rf8 Kg7 34. Rd8 Kh7 35. Rf8 Kg7 36. Rd8 Kh7 37. Rf8 Kg7 38. Rd8 1/2-1/2

[Event "RUS-ch U14"]
[Site "Togliatti"]
[Date "2000.??.??"]
[Round "11"]
[White "Barbitskij, Aleksey"]
[Black "Grachev, Boris V"]
[Result "1/2-1/2"]
[WhiteElo "2284"]
[BlackElo "2268"]
[PlyCount "60"]
[EventDate "2000.??.??"]
[EventType "swiss"]
[EventRounds "11"]
[EventCountry "RUS"]
[SourceTitle "EXT 2001"]
[Source "ChessBase"]
[SourceDate "2000.11.22"]
[SourceVersion "1"]
[SourceVersionDate "2000.11.22"]
[SourceQuality "1"]

1. e4 c5 2. Nf3 Nc6 3. d4 cxd4 4. Nxd4 e6 5. Nc3 Qc7 6. f4 a6 7. Nb3 b5 8. Bd3 Bb7 9. 0-0 d6 10. Be3 Nf6 11. Qf3 Be7 12. a3 b4 13. Ne2 bxa3 14. bxa3 0-0 15. g4 Nd7 16. g5 Na5 17. Nd2 g6 18. Qg4 d5 19. e5 Nc4 20. Bxc4 dxc4 21. Nc3 Bc5 22. Rae1 Bxe3+ 23. Rxe3 Nc5 24. Rh3 Rad8 25. Nf3 Ne4 26. Nxe4 Bxe4 27. Qh4 Qb6+ 28. Rf2 Rd1+ 29. Kg2 Bxf3+ 30. Kxf3 Qb7+ 1/2-1/2

[Event "RUS-ch U14"]
[Site "Togliatti"]
[Date "2000.??.??"]
[Round "10"]
[White "Lysyj, Igor"]
[Black "Barbitskij, Aleksey"]
[Result "1/2-1/2"]
[WhiteElo "2229"]
[BlackElo "2284"]
[PlyCount "68"]
[EventDate "2000.??.??"]
[EventType "swiss"]
[EventRounds "11"]
[EventCountry "RUS"]
[SourceTitle "EXT 2001"]
[Source "ChessBase"]
[SourceDate "2000.11.22"]
[SourceVersion "1"]
[SourceVersionDate "2000.11.22"]
[SourceQuality "1"]

1. d4 Nf6 2. c4 e6 3. Nf3 d5 4. g3 dxc4 5. Qa4+ Nbd7 6. Qxc4 a6 7. Bg2 b5 8. Qc6 Rb8 9. Bf4 Nd5 10. Bg5 Be7 11. Bxe7 Qxe7 12. 0-0 Bb7 13. Qc2 0-0 14. Nc3 c5 15. Nxd5 Bxd5 16. dxc5 Qxc5 17. Qxc5 Nxc5 18. b4 Na4 19. Ne5 Bxg2 20. Kxg2 Rbc8 21. Rfc1 f6 22. Nc6 Kf7 23. Rc2 Nb6 24. Rac1 e5 25. Na5 Rxc2 26. Rxc2 Rc8 27. Rxc8 Nxc8 28. Nb3 Nb6 29. e4 Na4 30. Kf3 Nc3 31. Nc5 Nxa2 32. Nxa6 Ke7 33. Nc7 Nxb4 34. Nxb5 Nc6 1/2-1/2